| 000 | 00834nam a2200205 i 4500 | ||
|---|---|---|---|
| 001 | 84628 | ||
| 003 | ES-MaACL | ||
| 005 | 20250828000905.0 | ||
| 007 | t| | ||
| 008 | 041123q1950 sp ||||1| spa d | ||
| 100 | 1 |
_aJiménez de Gregorio, Fernando, _d1911-2012 _966505 |
|
| 245 | 1 | 3 |
_aEl testamento de Don José Moñino Gómez _b: (aportación documental inédita al estudio del Conde de Floridablanca) / _cFernando Jiménez de Gregorio. |
| 260 |
_a[Madrid] : _bConsejo Superior de Investigaciones Científicas, Instituto Jerónimo Zurita, _c[1950?] |
||
| 300 |
_a11 p. ; _c24 cm. |
||
| 500 | _aEs separata de: Rev. Hispania. Nº XXXIII. | ||
| 600 | 0 | 4 |
_aFloridablanca, José Moñino _cConde de. _951333 |
| 710 | 2 |
_aInstituto Jerónimo Zurita _95106 |
|
| 852 |
_aES-MaACL _j1927-F-22 _bR.30826 |
||
| 999 |
_c84628 _d84628 |
||